=LDR 00000nam 2200000 4500 =001 INLIS000000000011317 =005 20130612102906 =008 ***********************************Ind** =035 ##$$0010-061300000011317 =041 ##$$a Ind =082 ##$$a 959.8 =090 ##$$a 959.8, Sur p =100 ##$$a Surjomihardjo, Abdurrahman =245 ##$$a Pembinaan bangsa dan masalah historiografi, Abdurrahman Surjomiharjo =260 ##$$a 1979 $b jakarta =300 ##$$a 208 hlm., ilus, 21 cm =650 ##$$a Indonesia- sejarah - historiografi =850 ##$$a NBPNMAT